| 000 | 00392nam a2200109Ia 4500 | ||
|---|---|---|---|
| 008 | 171204s9999 xx 000 0 und d | ||
| 245 | _aBasic Statistics In Multivariate Analysis: (Pocket Guide to Social Work Research Methods) | ||
| 245 | _cKaren A. Randolph and Laura L. Myers | ||
| 260 | _c2013 | ||
| 650 | _xADVANCED STATISTICS 1 | ||
| 856 | _uhttp://down.ebook777.com/027/BasStaInMulAna.pdf | ||
| 999 |
_c346907 _d346907 |
||